000 00527nam a2200181Ia 4500
003 GCL
008 140319s9999 xx 000 0 ara d
040 _aGCL /
_cGCL
082 0 4 _a808.83
_bم ف
100 1 _aالمكتبة الثقافية
245 1 0 _aقصه فيروز شاة ابن الملك ضاراب /
_cالمكتبة الثقافية
490 _a
650 0 4 _aالادب الشعبى
650 0 4 _aالخرافات
650 0 4 _aالقصص الخرافية
650 0 4 _aالاساطير
942 _2ddc
_cBK
999 _c39103
_d39103